• 首页
  • 本馆介绍
  • 公告通知
  • 最新文献
  • 馆藏检索
  • 电子资源
  • 读者导购
  • 参考咨询
  • 我的图书馆
  • 登录
  • 详细信息显示
  • 放入我的书架
  • 预约/预借图书
  • 作者相关作品
  • 分类相关作品
  • 丛书相关作品
  • 出版社相关作品

书目信息

  • 表格格式
  • 工作单格式
  • 卡片格式
题名:
自修大学
    
 
作者: ;自修大学编辑部 编
分册:   1984年7-12期合订本
出版信息: 北京   光明日报出版社  1985
页数: 全一册
开本: 26cm
丛书名:
单 册:
中图分类: C42
科图分类:
主题词: 社会科学--教学法
电子资源:
ISBN:
000 00706nam0 2200217 45
001 0506141071
005 20060417111037.62
010    @dCNY4.40
091    @a7263.011
100    @a20050614d1985 km y0chiy0120 ea
101 0  @achi
200 1  @a自修大学@AZi Xiu Da Xue@e文史哲经专业@EWen Shi Zhe Jing Zhuan Ye@i1984年7-12期合订本@f自修大学编辑部编@FZi Xiu Da Xue Bian Ji Bu Bian
210    @a北京@c光明日报出版社@d1985
215    @a全一册@d26cm
517    @a1984年7-12期合订本@A1984 nian 7-12 qi he ding ben
517    @a文史哲经专业@AWen Shi Zhe Jing Zhuan Ye
606 0  @a社会科学@x教学法
690    @aC42@v3
711 02 @a自修大学编辑部@4编
801    @aCN@bPftUser@c20060417
905    @dC42@e27:(13-18)
    
    自修大学:文史哲经专业.1984年7-12期合订本/自修大学编辑部编.-北京:光明日报出版社,1985
    全一册;26cm
    
    
    ISBN :CNY4.40
    
●
相关链接 在E读中查询图书 在五车中查询图书 在当当中查询图书 在豆瓣中查询图书


正题名:自修大学     索取号:C42/27:(13-18)         预约/预借

序号 登录号 条形码 馆藏地/架位号 状态 备注
1 0155902   202230594   密集书库/ [索取号:C42/27:(13-18)] 在馆    
2 0155903   202230512   密集书库/ [索取号:C42/27:(13-18)] 在馆    
3 0155904   202230674   密集书库/ [索取号:C42/27:(13-18)] 在馆    
4 0155905   202257752   密集书库/ [索取号:C42/27:(13-18)] 在馆    
5 0155906   202257841   密集书库/ [索取号:C42/27:(13-18)] 在馆    
唐山师范学院图书馆 欢迎您!
大连网信软件有限公司© 版权所有